000 00243nam a2200109Ia 4500
999 _c7627
_d7627
020 _a978-93-325-4222-8
100 _aStephen P. Robbins
245 0 _aOrganizational Behavior
260 _aUSA
_bEducation InC
_c2001
300 _a643
942 _cBK